| 000 | 01008nam a22002657a 4500 | ||
|---|---|---|---|
| 003 | DO-SdBNP | ||
| 005 | 20240228103022.0 | ||
| 007 | ta | ||
| 008 | 210825b dr ac||er|||| 001 p spa d | ||
| 020 | _a9789945592276 | ||
| 040 |
_aDO-SdBNP _bspa _cBNPHU |
||
| 041 | _hspa | ||
| 082 | 4 |
_aRD861.44 _bG216d |
|
| 100 | 1 |
_aGarcía Guerra, Iván, _d1938- _9144 |
|
| 245 | 1 | 0 |
_aDe amor y penar / _cIván García Guerra. |
| 260 |
_aSanto Domingo : _bImpretur, _c[1996?] |
||
| 300 |
_a233 p. : _bil., retr. ; _c22 cm. |
||
| 505 | _aIntroito. | ||
| 505 |
_aPrótasis. _tExuberancias juveniles.-- _tRaíces de la unión.-- _tParéntesis hiriente.-- _tFrances compañera.-- _tPáginas sueltas.-- _tDos villancicos un oración.-- _tBúsqueda.-- _tEn familia.-- _tMás páginas sueltas.-- _tEl amor sigue presente.-- _tColofón.-- |
||
| 590 | _aInventariado 2021 / MF | ||
| 650 | 4 |
_aPoesía dominicana. _979579 |
|
| 650 | 4 |
_aLiteratura dominicana _979580 |
|
| 910 | _aValidado. Control de calidad 2021/ MFF | ||
| 942 |
_2ddc _cLBS1 |
||
| 999 |
_c50284 _d50284 |
||